00277nam a2200109Ia 4500008004100000041000800041082001600049100001400065245004200079260003700121300000900158230627s9999 xx 000 0 und d aeng a341.05bJOS aJoshi.K.C aThe Industrial Dispute Act Wite Rules bBharat Law House Pvt. Ltd.c1979 a101p